00732nam a22002057a 450000500170000001000150001702000260003203500140005803700130007208200140008510000220009924500830012126000370020427000700024130000230031150000190033494200280035399900190038195201260040020170713143651.0 aENG-119172 a9788175417498c950.00 aEN-102704 bDBAD/PUB a320.95452 aChauduri,Amiya K. a West Bengal in perspective :cby Amiya K. Chauduribpolitics and governanace/ aDelhibShipra Publicationsc2014 aLG-18-19,Pankaj Central Market,I.P.Ext. PatparganjbDelhie110092 axv,264p.c23cm(Hb) aIncludes index 2ddccENh320.95452mCHA c142533d142533 001040718NFICaDBADbBNd2017-07-13eDBAD/PUBg950.00l0o320.95452 CHApEN-102704r2017-07-13 00:00:00t1v950.00yEN